Systém regulácie zahraničného obchodu a zahraničnoobchodných vzťahov USA dizertačná práca

Salvato in:
Dettagli Bibliografici
Autore principale: Kordoš, Marcel
Ente Autore: Ekonomická univerzita v Bratislave. Obchodná fakulta
Altri autori: Smreková, Marta
Natura: Libro
Lingua:slovacco
Pubblicazione: Bratislava 2006
Soggetti:
Tags: Aggiungi Tag
Nessun Tag, puoi essere il primo ad aggiungerne!!

MARC

LEADER 00000nam$a2200000$$$4500
001 0100394
005 20240104135319.9
041 0 |a slo 
044 |a SK 
245 1 0 |a Systém regulácie zahraničného obchodu a zahraničnoobchodných vzťahov USA  |b dizertačná práca  |c Marcel Kordoš ; školiteľ: Marta Smreková 
264 1 |a Bratislava  |c 2006 
300 |a 190 s. 
610 2 0 |a obchod zahraničný 
610 2 0 |a vzťahy hospodárske medzinárodné 
610 2 0 |a vzťahy obchodné 
610 2 0 |a stratégia hospodárska 
610 2 0 |a USA 
100 1 |a Kordoš, Marcel 
700 1 |a Smreková, Marta 
710 2 |a Ekonomická univerzita v Bratislave. Obchodná fakulta